Vicki Smith and Esther B. Neuwirth : The good temp /

Guardat en:
Dades bibliogràfiques
Autor principal: Davis-Blake, Alison.
Format: Article
Idioma:English
Matèries:
Etiquetes: Afegir etiqueta
Sense etiquetes, Sigues el primer a etiquetar aquest registre!
Thư viện lưu trữ: Thư viện Trường Đại học Đà Lạt
LEADER 00746nam a2200253 4500
001 DLU110130837
005 ##20111223
040 # # |a DLU  |b eng 
041 # # |a eng 
044 # # |a us 
100 # # |a Davis-Blake, Alison.  
245 # # |a Vicki Smith and Esther B. Neuwirth : The good temp /  |c Alison Davis-Blake. 
653 # # |a Book review 
653 # # |a Public administration 
773 # # |t Administrative Science Quartely  |g Vol. 54, no. 3 (September 2009), p. 521-524 
920 # # |a Phòng Tạp chí -- Trung tâm Thông tin - Thư viện Trường Đại học Đà Lạt 
994 # # |a DLU 
900 # # |a True 
911 # # |a Trương Bảo Trâm Anh 
925 # # |a G 
926 # # |a A 
927 # # |a BB 
980 # # |a Thư viện Trường Đại học Đà Lạt